Normal view
MARC view
Entry Personal Name
001 - CONTROL NUMBER
- control field: 3200
003 - CONTROL NUMBER IDENTIFIER
- control field: dpl
005 - DATE AND TIME OF LATEST TRANSACTION
- control field: 20100731125155.0
008 - FIXED-LENGTH DATA ELEMENTS
- fixed length control field: 100731|||a|||||| | ||| d
040 ## - CATALOGING SOURCE
- Original cataloging agency: dpl
- Transcribing agency: dpl
100 ## - HEADING--PERSONAL NAME
- Personal name: Banerjee, Jiban
670 ## - SOURCE DATA FOUND
- Source citation: Work cat.: (dpl): Giri, Prasanta Kumar 3199, Introduction to business staststics /, 2009
670 ## - SOURCE DATA FOUND
- Source citation: Work cat.: (dpl): Giri, Prasanta Kumar 3199, Introduction to business staststics /, 2009
